For Rexroth /

Bibliographic Details
Other Authors: Rexroth, Kenneth, 1905-1982, Gardner, Geoffrey, 1943-
Format: Book
Language:English
Published: New York : The Ark, [1980]
Subjects:

MARC

Tag First Indicator Second Indicator Subfields
LEADER 00000cam a2200000 i 4500
001 in00000074034
005 20151008060141.0
008 810202s1980 nyua 00000 eng
010 |a  80138799  
020 |c $10.00 
035 |a (OCoLC)07069333 
035 |9 AAJ5193AM 
040 |a DLC  |c DLC  |d m.c.  |d TXA  |d UtOrBLW 
043 |a n-us--- 
049 |a TXAM  |c [1805073] 
050 0 0 |a PS3535.E923  |b Z68 
082 0 |a 811/.52  |2 19 
245 0 0 |a For Rexroth /  |c edited by Geoffrey Gardner. 
264 1 |a New York :  |b The Ark,  |c [1980] 
264 4 |c ©1980 
300 |a xii, 413 pages :  |b illustrations ;  |c 23 cm. 
336 |a text  |b txt  |2 rdacontent 
337 |a unmediated  |b n  |2 rdamedia 
338 |a volume  |b nc  |2 rdacarrier 
500 |a "The Ark, 14." 
600 1 0 |a Rexroth, Kenneth,  |d 1905-1982. 
650 0 |a Poets, American  |y 20th century  |v Biography. 
650 0 |a Literature, Modern  |y 20th century. 
700 1 |a Rexroth, Kenneth,  |d 1905-1982. 
700 1 |a Gardner, Geoffrey,  |d 1943- 
730 0 |a Ark (New York, N.Y.) 
999 |a MARS 
999 f f |s af976eba-e46e-3f21-94e1-5db9187874ce  |i f786f913-a273-3878-a636-3b9944d12d96  |t 0 
952 f f |p ric  |a Texas A&M University  |b Rellis Campus  |c Joint Library Facility  |d Remote Storage  |t 0  |e PS3535.E923 Z68  |h Library of Congress classification  |i unmediated -- volume  |m A14806191335 
998 f f |a PS3535.E923 Z68  |t 0  |l Remote Storage